Hierarchies of conditional beliefs and interactive epistemology in dynamic games

Salvato in:
Dettagli Bibliografici
Autore principale: Battigalli, Pierpaolo
Natura: Libro
Lingua:inglese
Pubblicazione: Milano IGIER 1997
Serie:Working paper series Working paper No. 111
Soggetti:
Tags: Aggiungi Tag
Nessun Tag, puoi essere il primo ad aggiungerne!!

MARC

LEADER 00000nam a2200000 4500
001 c109109
005 20221124074645.8
041 0 |a eng 
044 |a IT 
245 1 0 |a Hierarchies of conditional beliefs and interactive epistemology in dynamic games  |c Pierpaolo Battigalli 
264 1 |a Milano  |b IGIER  |c 1997 
300 |a 40 s. 
490 1 |a Working paper series  |v Working paper No. 111 
830 0 |a Working paper series  |v Working paper No. 111 
610 2 0 |a pravdepodobnosť 
610 2 0 |a hry ekonomické 
610 2 0 |a epistemológia 
100 1 |a Battigalli, Pierpaolo